000 00327nam a2200133Ia 4500
005 20251222144842.0
008 251222s9999||||xx |||||||||||||| ||spa||
020 _a84-88217-03-X
082 _a305.4/W26
100 _aWaring, Marilyn
245 0 _aSi las Mujeres Contaran:
264 _bVindicación Feminista
942 _cLIB
999 _c21249
_d21249